| 000 | 00917cam a2200277 a 4500 | ||
|---|---|---|---|
| 001 | 34749 | ||
| 005 | 20230410103532.0 | ||
| 008 | 830707s1982 dr 000 0 spa | ||
| 035 | _9(DLC) 82236981 | ||
| 035 | _a2345952 | ||
| 010 | _a 82236981 | ||
| 040 |
_aDLC _cDLC _dDLC |
||
| 050 | 1 | 4 |
_a118 PQ 7409 _bV432p 1982 |
| 082 | 0 | 0 |
_a861 _219 |
| 100 | 2 |
_aVeloz Maggiolo, Marcio, _d1936- |
|
| 240 | 1 | 0 |
_aPoems. _kSelections |
| 245 | 1 | 3 |
_aLa palabra reunida / _cMarcio Veloz Maggiolo. |
| 260 |
_aSan Pedro de Macorís, R.D. : _bUniversidad Central del Este, _c1982. |
||
| 300 |
_a192 p. ; _c23 cm. |
||
| 490 | 1 |
_aCentenario de San Pedro de Macorís ; _vvol. 3 |
|
| 490 | 1 |
_aSerie literaria / Universidad Central del Este ; _v6 |
|
| 650 | 4 | _aLiteratura dominicana | |
| 830 | 0 |
_aCentenario de San Pedro de Macorís ; _vv. 3. |
|
| 830 | 0 |
_aSerie literaria (Universidad Central del Este) ; _v6. |
|
| 942 |
_2lcc _cbk |
||
| 999 |
_c20772 _d20772 |
||